000 00476nam a2200181Ia 4500
008 240925s9999 xx 000 0 und d
020 _a471594954
082 _a515.15 ANT
100 _aAnton, Howard
245 0 _aCalculus with Analytic Geometry
250 _a5th
260 _aNew York:
_bJohn Wiley & Sons
_c,1995.
300 _axviii,560p.
_bNA
_fOriginal
500 _aIncludes Index
600 _aHumanities & Natural Science
650 _aMathematics
942 _cBK
999 _c6193
_d6193